000 00506nam a2200097Ia 4500
008 170517s9999 xx 000 0 und d
245 _aCancer: The Forbidden Cures
300 _aCancer claims the lives of thousands of Americans every day, but it also results in tens of billions of dollars in revenue for the medical and pharmaceutical industries. Why would these industries champion a cure for the disease when...
650 _xTechnology.
856 _uhttp://topdocumentaryfilms.com/cancer-forbidden-cures/
999 _c335022
_d335022